Escape the Backrooms Levels you can Return From - Statistics

General Stats
  • This quiz has been taken 7 times
    4 since last reset
  • The average score is 13 of 21
Answer Stats
Answer % Correct
Pipe Dreams
100%
Terror Hotel (Boiler Room)
75%
Terror Hotel (Lobby)
75%
Thalassophobia
75%
The Abandoned Office
75%
The Abandoned Outpost
75%
The Habitable Zone (Floor 1)
75%
The Hub
75%
The Suburbs
75%
The True Ending
75%
Field of Wheat
50%
Hotel Chase
50%
Level 188
50%
Level 55.1
50%
Level 94
50%
Overgrowth
50%
Remodeled Mess / Manila Room
50%
Run For Your Life!
50%
School Halls
50%
The Bunker
50%
Level You Cheated
25%
No matching quizzes found
Score Distribution
Percent of People with Each Score
Percentile by Number Answered
Your Score History
You have not taken this quiz since the last reset